[Event "Superliga w Szachach Szybkich"]
[Site "Wroclaw, Katowice, Krakow, Poznan"]
[Date "2023-10-17"]
[Round "6.1"]
[White "Brodowski, Piotr"]
[Black "Piorun, Kacper"]
[Result "1-0"]
[WhiteTitle "IM"]
[BlackTitle "GM"]
[WhiteElo "2367"]
[BlackElo "2472"]

1. Nf3 d5 2. c4 c6 3. e3 Nf6 4. Nc3 g6 5. d4 Bg7 6. b3 O-O 7. Be2 dxc4 8. bxc4
c5 9. O-O cxd4 10. exd4 b6 11. a4 Nc6 12. h3 Bb7 13. Be3 e6 14. Qb1 Na5 15. Qb4
Re8 16. Rfd1 Rc8 17. Ne5 Bf8 18. Qb2 Nd7 19. c5 Nf6 20. Bb5 Nc6 21. cxb6 axb6
22. Bg5 Be7 23. Rac1 Nd7 24. Bxe7 Rxe7 25. Nxc6 Bxc6 26. Bxc6 Rxc6 27. d5 exd5
28. Nxd5 Ree6 29. Rxc6 Rxc6 30. Re1 Re6 31. Rxe6 fxe6 32. Ne3 Qf6 33. Qc1 Nc5
34. a5 Qd8 35. Ng4 Qd6 36. axb6 Qxb6 37. Qf4 Nd7 38. Qe4 Qd6 39. g3 Qd1+ 40. Kh2
Qd6 41. Qa8+ Kg7 42. Qa1+ e5 43. Qc3 Qd4 44. Qc1 Kg8 45. Qc6 Kg7 46. Qe6 h5 47.
Qe7+ Kg8 48. Nh6+ Kh8 49. Qf7 Nf6 50. Qxf6+ Kh7 51. Nf7 1-0

[Event "Superliga w Szachach Szybkich"]
[Site "Wroclaw, Katowice, Krakow, Poznan"]
[Date "2023-10-17"]
[Round "6.2"]
[White "Socko, Bartosz"]
[Black "Licznerski, Lukasz"]
[Result "0-1"]
[WhiteTitle "GM"]
[BlackTitle "IM"]
[WhiteElo "2522"]
[BlackElo "2423"]

1. d4 Nf6 2. c4 e6 3. g3 Bb4+ 4. Nd2 d5 5. Bg2 O-O 6. Ngf3 b6 7. O-O Bb7 8. Ne5
Nbd7 9. Qa4 Bxd2 10. Bxd2 Nxe5 11. dxe5 Nd7 12. cxd5 Bxd5 13. Bc3 Nc5 14. Qc2
Bxg2 15. Kxg2 Qd5+ 16. f3 Rfd8 17. Rfd1 Qb7 18. Bb4 Na6 19. Be7 Rxd1 20. Rxd1
c5 21. Bd6 Nb4 22. Qb3 Qa6 23. Rd2 Qxa2 24. Qe3 Qc4 25. h4 h6 26. Qf2 a5 27. g4
a4 28. e4 a3 29. bxa3 Rxa3 30. Bc7 Nd3 31. Qe3 b5 32. g5 h5 33. g6 fxg6 34. Kg3
Kh7 35. Bd8 b4 36. Bg5 Nxe5 0-1

[Event "Superliga w Szachach Szybkich"]
[Site "Wroclaw, Katowice, Krakow, Poznan"]
[Date "2023-10-17"]
[Round "6.3"]
[White "Klimkowski, Jan"]
[Black "Janik, Igor"]
[Result "0-1"]
[WhiteTitle "IM"]
[BlackTitle "GM"]
[WhiteElo "2368"]
[BlackElo "2473"]

1. d4 d5 2. c4 dxc4 3. e4 b5 4. a4 c6 5. Nc3 b4 6. Nb1 Nf6 7. e5 Nd5 8. Bxc4 e6
9. Nf3 Be7 10. O-O O-O 11. Nbd2 Ba6 12. Qe2 Qc8 13. Ne4 h6 14. Bd2 Bxc4 15. Qxc4
Qa6 16. Rfc1 Rc8 17. a5 Qxc4 18. Rxc4 Kf8 19. Ne1 Ke8 20. a6 Nd7 21. Rac1 c5 22.
Nd3 N5b6 23. Rxc5 Nxc5 24. dxc5 Nd5 25. Nd6+ Bxd6 26. exd6 Rc6 27. Ne5 Rxa6 28.
c6 f6 29. Nd3 Rb6 30. Nf4 Nc3 31. Bxc3 Rxc6 32. d7+ Kf7 33. Bd2 Rxc1+ 34. Bxc1
Rd8 35. Kf1 Rxd7 36. Ke2 a5 37. Nd3 Rc7 38. Be3 Rc6 39. f4 Rc2+ 40. Bd2 a4 41.
Kd1 Rxb2 42. Nxb4 a3 43. Kc1 Kg6 44. h3 Rb3 45. Kc2 Rg3 46. Bc1 Rxg2+ 47. Kc3
Rg3+ 48. Nd3 a2 49. Bb2 Rg1 0-1

[Event "Superliga w Szachach Szybkich"]
[Site "Wroclaw, Katowice, Krakow, Poznan"]
[Date "2023-10-17"]
[Round "6.4"]
[White "Socko, Monika"]
[Black "Kulon, Klaudia"]
[Result "1-0"]
[WhiteTitle "GM"]
[BlackTitle "IM"]
[WhiteElo "2303"]
[BlackElo "2271"]

1. d4 Nf6 2. c4 e6 3. g3 c5 4. d5 exd5 5. cxd5 b5 6. e4 d6 7. Bxb5+ Nbd7 8. Nc3
Be7 9. Nf3 O-O 10. O-O Rb8 11. Re1 Qc7 12. Bf1 Re8 13. h3 Bf8 14. Qc2 c4 15. Be3
Nc5 16. Bd4 Nd3 17. Bxd3 cxd3 18. Qxd3 Bxh3 19. Bxf6 gxf6 20. Rac1 Bh6 21. Rc2
Qd7 22. Ne2 f5 23. Ned4 fxe4 24. Rxe4 Rxe4 25. Qxe4 Re8 26. Qh4 Bg7 27. Kh2 Bf5
28. Re2 Rxe2 29. Nxe2 Bxb2 30. Ned4 Bg6 31. Qf4 Qa4 32. Qxd6 Bxd4 33. Qf4 Qa3
34. Nxd4 Qxa2 35. d6 Qd5 36. Qf6 a5 37. g4 a4 38. Nf5 Bxf5 39. gxf5 a3 40. Qd8+
Kg7 41. Qg5+ Kf8 42. Qe7+ Kg7 43. d7 Qd2 44. Qe5+ Kg8 45. Qg3+ Kf8 46. Qxa3+ Kg7
47. Qg3+ Kf8 48. Qb8+ Kg7 49. d8=Q Qxf2+ 50. Kh3 Qf1+ 51. Kg3 Qg1+ 52. Kf3 Qf1+
53. Ke4 Qe2+ 54. Kd5 Qd3+ 55. Kc6 Qc4+ 56. Kd7 Qa4+ 57. Kc8 Qc6+ 58. Qdc7 Qe8+
59. Kb7 Qb5+ 60. Qb6 Qd5+ 61. Qc6 Qb3+ 62. Kc8 Qh3 63. Qb2+ Kg8 64. Qe8# 1-0

[Event "Superliga w Szachach Szybkich"]
[Site "Wroclaw, Katowice, Krakow, Poznan"]
[Date "2023-10-17"]
[Round "6.5"]
[White "Tomczak, Jacek"]
[Black "Harikrishna, Pentala"]
[Result "1/2-1/2"]
[WhiteTitle "GM"]
[BlackTitle "GM"]
[WhiteElo "2549"]
[BlackElo "2630"]

1. d4 Nf6 2. c4 e6 3. Nc3 d5 4. cxd5 exd5 5. Bg5 c6 6. e3 Bf5 7. Qf3 Bg6 8. Bxf6
Qxf6 9. Qxf6 gxf6 10. Nge2 Nd7 11. Ng3 Bd6 12. f4 h5 13. h4 Ke7 14. Kf2 a5 15.
Rd1 f5 16. Bd3 Ke6 17. Rhe1 Nf6 18. Na4 Ng4+ 19. Kf3 Kf6 20. Nc5 Bxc5 21. dxc5
Rhe8 22. Bc2 a4 23. Rc1 Nh2+ 24. Kf2 Ng4+ 25. Kf3 Nh2+ 26. Kf2 Ng4+ 27. Kf3 1/2-1/2

[Event "Superliga w Szachach Szybkich"]
[Site "Wroclaw, Katowice, Krakow, Poznan"]
[Date "2023-10-17"]
[Round "6.6"]
[White "Bartel, Mateusz"]
[Black "Warakomski, Tomasz"]
[Result "1-0"]
[WhiteTitle "GM"]
[BlackTitle "GM"]
[WhiteElo "2520"]
[BlackElo "2461"]

1. e4 c5 2. Nf3 d6 3. Bb5+ Nd7 4. Ba4 Ngf6 5. O-O e6 6. Re1 a6 7. c4 Be7 8. d3
O-O 9. Bf4 b5 10. cxb5 Nb6 11. bxa6 Nxa4 12. Qxa4 Bxa6 13. Qc2 Nd7 14. Nc3 Nb8
15. Be3 Nc6 16. a3 Bf6 17. Rad1 Qb6 18. b4 Nd4 19. Bxd4 cxd4 20. Ne2 Bb5 21. Qb2
e5 22. Rd2 Qa6 23. Ra1 Bxd3 24. Ng3 Rfc8 25. h3 Rc3 26. a4 Qc4 27. Ne1 Rb3 28.
Qa2 Rxb4 29. Rxd3 Raxa4 30. Qxc4 Rxc4 31. Rxa4 Rxa4 32. Kf1 g6 33. Rd2 Bd8 34.
Rb2 Ba5 35. Ke2 Bc3 36. Rb8+ Kg7 37. Nc2 Rc4 38. Kd3 Rc5 39. Ne2 Ba5 40. Rb7 h5
41. Na3 Be1 42. Nc4 Rc6 43. f4 Kf6 44. Nb6 h4 45. Nd5+ Kg7 46. Rb6 Rxb6 47. Nxb6
Kf6 48. Ng1 Bg3 49. Nf3 Ke6 50. Ng5+ Ke7 51. Nd5+ Kf8 52. f5 Kg7 53. f6+ Kf8 54.
Ke2 Bh2 55. Nf3 Bg3 56. Nd2 Bh2 57. Nc4 1-0

[Event "Superliga w Szachach Szybkich"]
[Site "Wroclaw, Katowice, Krakow, Poznan"]
[Date "2023-10-17"]
[Round "6.7"]
[White "Klekowski, Maciej"]
[Black "Gumularz, Szymon"]
[Result "0-1"]
[WhiteTitle "GM"]
[BlackTitle "GM"]
[WhiteElo "2405"]
[BlackElo "2553"]

1. c4 b6 2. Nc3 Bb7 3. Nf3 e6 4. g3 Nf6 5. Bg2 c5 6. O-O Be7 7. Re1 Ne4 8. Nxe4
Bxe4 9. d3 Bb7 10. e4 O-O 11. d4 cxd4 12. Nxd4 d6 13. b3 a6 14. Bb2 Nd7 15. Qe2
Qc7 16. Rad1 Rfe8 17. h3 Rac8 18. f4 Bf6 19. Qf2 h6 20. g4 Nc5 21. h4 Rcd8 22.
g5 hxg5 23. hxg5 Bxd4 24. Qxd4 e5 25. Qc3 Ne6 26. f5 Nxg5 27. Bc1 f6 28. Bxg5
fxg5 29. Qg3 Qe7 30. Bf3 g6 31. Bg4 Kg7 32. Rd2 Rh8 33. b4 Rh4 34. Rf1 Rf8 35.
c5 bxc5 36. bxc5 Bxe4 37. Rxd6 gxf5 38. Bd1 f4 39. Qc3 g4 40. Be2 Rh1+ 0-1

[Event "Superliga w Szachach Szybkich"]
[Site "Wroclaw, Katowice, Krakow, Poznan"]
[Date "2023-10-17"]
[Round "6.8"]
[White "Zawadzka, Jolanta"]
[Black "Antolak, Julia"]
[Result "1-0"]
[WhiteTitle "WGM"]
[BlackTitle "WGM"]
[WhiteElo "2258"]
[BlackElo "2192"]

1. e4 c5 2. Nf3 d6 3. d4 cxd4 4. Nxd4 Nf6 5. Nc3 a6 6. g3 e5 7. Nb3 Be6 8. Bg2
Nc6 9. O-O Be7 10. Nd5 Bxd5 11. exd5 Nb8 12. c4 Nbd7 13. a4 Rc8 14. Qe2 O-O 15.
a5 Ne8 16. Nd2 f5 17. b4 e4 18. Ba3 Ne5 19. Rac1 Bg5 20. Rfd1 Nf6 21. Rc2 Qe7
22. f4 exf3 23. Nxf3 Nxf3+ 24. Bxf3 Ne4 25. Re1 Rfe8 26. c5 Bf6 27. c6 bxc6 28.
dxc6 Qa7+ 29. Kg2 g5 30. Qc4+ Kg7 31. Bxe4 fxe4 32. Rxe4 d5 33. Qxd5 Rcd8 34.
Qf5 Rxe4 35. Qxe4 Rd1 36. Rf2 Rd4 37. Qf3 Qf7 38. Bb2 g4 39. Qf5 1-0

[Event "Superliga w Szachach Szybkich"]
[Site "Wroclaw, Katowice, Krakow, Poznan"]
[Date "2023-10-17"]
[Round "6.9"]
[White "Wojtaszek, Radoslaw"]
[Black "Psyk, Radoslaw"]
[Result "1-0"]
[WhiteTitle "GM"]
[BlackTitle "k++"]
[WhiteElo "2648"]
[BlackElo "2327"]

1. Nf3 e6 2. g3 b5 3. d3 Bb7 4. e4 c5 5. Bg2 d6 6. Na3 a6 7. c4 bxc4 8. Nxc4 Nc6
9. O-O Be7 10. Qa4 e5 11. b4 cxb4 12. d4 Kf8 13. dxe5 dxe5 14. Nfxe5 Nxe5 15.
Nxe5 Nf6 16. Bf4 Qe8 17. Qb3 Bc8 18. Rac1 Be6 19. Qe3 Kg8 20. Nc6 Bf8 21. Qd4
Qd7 22. Qb2 Re8 23. Rfd1 Qb7 24. e5 Nh5 25. Nd8 Qb8 26. Nxe6 Rxe6 27. Be3 Qxe5
28. Qxe5 Rxe5 29. Rd8 Rxe3 30. fxe3 g6 31. Bd5 Nf6 32. Bb3 Kg7 33. Rc7 Kh6 34.
Rxf7 Bg7 35. Rxh8 Bxh8 36. Kg2 Ng4 37. e4 Bc3 38. Ra7 Nf6 39. Kf3 g5 40. h3 Kg6
41. Rxa6 h5 42. Be6 Kg7 43. Rc6 Be5 44. Rc5 g4+ 45. hxg4 hxg4+ 46. Bxg4 Bxg3 47.
Rg5+ Kh6 48. Rf5 Bh4 49. e5 Nxg4 50. Kxg4 Be7 51. Rf7 Bc5 52. Kf5 1-0

[Event "Superliga w Szachach Szybkich"]
[Site "Wroclaw, Katowice, Krakow, Poznan"]
[Date "2023-10-17"]
[Round "6.10"]
[White "Szpar, Milosz"]
[Black "Teclaf, Pawel"]
[Result "1/2-1/2"]
[WhiteTitle "IM"]
[BlackTitle "GM"]
[WhiteElo "2398"]
[BlackElo "2508"]

1. e4 c5 2. c3 Nf6 3. e5 Nd5 4. d4 cxd4 5. Nf3 d6 6. Bc4 Nb6 7. Bb3 Nc6 8. exd6
Qxd6 9. O-O Be6 10. Na3 Bxb3 11. Qxb3 Qd5 12. Nb5 Rc8 13. Nbxd4 Nxd4 14. Nxd4
e6 15. Rd1 Qxb3 16. axb3 a6 17. Nc2 Be7 18. Be3 Nd5 19. Bd4 O-O 20. Ne3 Nxe3 21.
Bxe3 Rfd8 22. Bb6 Rxd1+ 23. Rxd1 Rc6 24. Be3 Kf8 25. Kf1 Ke8 26. Ke2 Bc5 27. b4
Bxe3 28. Kxe3 Rb6 29. Rd4 Rb5 30. Rc4 Kd7 31. Rg4 g6 32. Rd4+ Ke7 33. Rc4 Re5+
34. Kd3 Rd5+ 35. Ke2 Kd7 36. Rh4 h5 37. c4 Rg5 38. Rd4+ Ke7 39. g3 Re5+ 40. Kd2
g5 41. f3 a5 42. bxa5 Rxa5 43. Rd3 Rc5 1/2-1/2

[Event "Superliga w Szachach Szybkich"]
[Site "Wroclaw, Katowice, Krakow, Poznan"]
[Date "2023-10-17"]
[Round "6.11"]
[White "Pakleza, Zbigniew"]
[Black "Pacan-milej, Kosma"]
[Result "1/2-1/2"]
[WhiteTitle "GM"]
[BlackTitle "FM"]
[WhiteElo "2454"]
[BlackElo "2232"]

1. d4 Nf6 2. Nf3 g6 3. Bf4 Bg7 4. e3 O-O 5. Be2 d6 6. h3 b6 7. O-O Bb7 8. c3 Ne4
9. Bh2 Nd7 10. a4 a6 11. Nbd2 Nxd2 12. Nxd2 c5 13. b4 Rc8 14. bxc5 bxc5 15. a5
Qc7 16. Bf3 Rb8 17. Qa4 Bxf3 18. Nxf3 Rb2 19. e4 Qb7 20. e5 cxd4 21. cxd4 dxe5
22. dxe5 Rb4 23. Qa2 Nc5 24. Qc2 Ne6 25. Rfc1 Bh6 26. Rcb1 Rxb1+ 27. Rxb1 Qd5
28. Qa4 Rc8 29. Bg3 Kg7 30. Kh2 Qc6 31. Qxc6 Rxc6 32. Rb6 Nd8 33. Nd4 Rc4 34.
Nb3 Rc3 35. Nd4 Rc4 36. Nb3 Rc3 37. Nd4 Rc4 38. Nb3 1/2-1/2

[Event "Superliga w Szachach Szybkich"]
[Site "Wroclaw, Katowice, Krakow, Poznan"]
[Date "2023-10-17"]
[Round "6.12"]
[White "Zawadzka, Beata"]
[Black "Kiolbasa, Oliwia"]
[Result "0-1"]
[WhiteTitle "WGM"]
[BlackTitle "IM"]
[WhiteElo "2211"]
[BlackElo "2321"]

1. d4 d5 2. Nf3 e6 3. e3 Nf6 4. c4 b6 5. Be2 Bd6 6. O-O Nbd7 7. b3 O-O 8. Bb2 Bb7
9. Nbd2 Qe7 10. Rc1 e5 11. dxe5 Nxe5 12. Nxe5 Bxe5 13. Bxe5 Qxe5 14. Nf3 Qe7 15.
Qc2 c5 16. Rfd1 Rad8 17. cxd5 Bxd5 18. Nd2 h6 19. Bf3 Rd7 20. Bxd5 Nxd5 21. Qe4
Qf6 22. Qc4 Rfd8 23. Nf1 Nb4 24. Rxd7 Rxd7 25. a3 Nd3 26. Rc2 Ne5 27. Qe4 Rd1
28. h3 Qd6 29. b4 Rxf1+ 0-1

[Event "Superliga w Szachach Szybkich"]
[Site "Wroclaw, Katowice, Krakow, Poznan"]
[Date "2023-10-17"]
[Round "6.13"]
[White "Pechac, Jergus"]
[Black "Volokitin, Andrei"]
[Result "1-0"]
[WhiteTitle "GM"]
[BlackTitle "GM"]
[WhiteElo "2548"]
[BlackElo "2626"]

1. d4 Nf6 2. c4 g6 3. Nc3 d5 4. cxd5 Nxd5 5. e4 Nxc3 6. bxc3 Bg7 7. Be3 c5 8. Rc1
Qa5 9. Qd2 cxd4 10. cxd4 Qxd2+ 11. Bxd2 O-O 12. Nf3 Bg4 13. Be3 Rd8 14. d5 Nd7
15. Nd4 Nb6 16. f3 Rac8 17. Rxc8 Bxc8 18. Nb5 Bd7 19. Nxa7 Na4 20. Bb5 Nc3 21.
Bb6 Nxb5 22. Bxd8 Nxa7 23. Bxe7 Nb5 24. Kd2 f5 25. Rb1 Kf7 26. Bc5 fxe4 27. a4
exf3 28. gxf3 Bc3+ 29. Kc1 Nd4 30. Rxb7 Ke8 31. a5 Ne2+ 32. Kd1 Nf4 33. a6 Ba4+
34. Kc1 Nd3+ 35. Kb1 Nxc5 36. a7 Nxb7 37. a8=Q+ Ke7 38. Qxa4 Nd6 39. Qh4+ Kf7
40. Qxh7+ Bg7 41. Qh3 Nf5 42. Qg4 Bf6 43. Qe4 Be7 44. Qe6+ Kg7 45. Ka2 Bd6 46.
h4 Kh6 1-0

[Event "Superliga w Szachach Szybkich"]
[Site "Wroclaw, Katowice, Krakow, Poznan"]
[Date "2023-10-17"]
[Round "6.14"]
[White "Moranda, Wojciech"]
[Black "Neugebauer, Martin"]
[Result "1-0"]
[WhiteTitle "GM"]
[BlackTitle "IM"]
[WhiteElo "2562"]
[BlackElo "2430"]

1. d4 Nf6 2. c4 e6 3. Nf3 b6 4. g3 Ba6 5. Qc2 Bb7 6. Bg2 c5 7. d5 exd5 8. cxd5
Nxd5 9. O-O Be7 10. Rd1 Nc6 11. Qf5 Nf6 12. e4 g6 13. Qf4 O-O 14. e5 Nh5 15. Qg4
d5 16. exd6 Bf6 17. Nc3 Nd4 18. Nxd4 Bxg2 19. Nf3 Bxf3 20. Qxf3 Bd4 21. Nb5 Qf6
22. Nxd4 cxd4 23. Qxf6 Nxf6 24. Rxd4 Nd7 25. Bh6 Rfe8 26. Rc1 f6 27. Rc7 Ne5 28.
Kg2 Nf7 29. Bd2 Red8 30. d7 g5 31. Rd5 Kg7 32. Bc3 Rf8 33. Rc6 Nd8 34. Rxg5+ Kh6
35. Rxf6+ Rxf6 36. Bxf6 1-0

[Event "Superliga w Szachach Szybkich"]
[Site "Wroclaw, Katowice, Krakow, Poznan"]
[Date "2023-10-17"]
[Round "6.15"]
[White "Mikrut, Dariusz"]
[Black "Kosakowski, Jakub"]
[Result "0-1"]
[WhiteTitle "IM"]
[BlackTitle "IM"]
[WhiteElo "2235"]
[BlackElo "2466"]

1. d4 Nf6 2. c4 e6 3. Nf3 d5 4. Bg5 dxc4 5. e4 b5 6. a4 c6 7. Nc3 Bb4 8. Be2 h6
9. Bxf6 Qxf6 10. O-O Bxc3 11. bxc3 Nd7 12. d5 cxd5 13. exd5 O-O 14. dxe6 fxe6
15. axb5 Nb6 16. Qd4 Qf5 17. Qe3 Nd5 18. Qe5 Nf4 19. Rfe1 Qg4 20. g3 Nh3+ 21.
Kf1 Bb7 22. Qd4 Bxf3 23. Qxg4 Bxg4 24. f4 Bxe2+ 25. Rxe2 Ng5 26. Kg2 Nf7 27. Rxe6
Rfd8 28. Rc6 Rab8 29. Rxa7 Rxb5 30. Rcc7 Rf8 31. Rxc4 Rb2+ 32. Kh3 h5 33. Rc6
Re8 34. Ra1 Ree2 35. Rh1 Kh7 36. Rc5 Kh6 37. g4 hxg4+ 38. Kxg4 g6 39. h4 Nd6 40.
h5 Rg2+ 41. Kh3 Nf5 0-1

[Event "Superliga w Szachach Szybkich"]
[Site "Wroclaw, Katowice, Krakow, Poznan"]
[Date "2023-10-17"]
[Round "6.16"]
[White "Maltsevskaya, Aleksandra"]
[Black "Sliwicka, Alicja"]
[Result "1-0"]
[WhiteTitle "IM"]
[BlackTitle "WIM"]
[WhiteElo "2348"]
[BlackElo "2131"]

1. e4 c5 2. Nf3 d6 3. d4 cxd4 4. Nxd4 Nf6 5. f3 e5 6. Nb3 d5 7. Bg5 d4 8. c3 Nc6
9. cxd4 Bb4+ 10. N1d2 exd4 11. Bc4 O-O 12. O-O h6 13. Bh4 Be6 14. Rc1 Rc8 15.
Qe2 a5 16. Bxe6 fxe6 17. e5 d3 18. Qe1 Nd4 19. Rxc8 Ne2+ 20. Kh1 Qxc8 21. exf6
gxf6 22. a3 a4 23. axb4 axb3 24. Nxb3 Qc4 25. Nc5 Rd8 26. Bxf6 d2 27. Qb1 Ng3+
28. hxg3 Qxf1+ 29. Qxf1 d1=Q 30. Qxd1 Rxd1+ 31. Kh2 b6 32. Ne4 Kf7 33. Bc3 h5
34. g4 h4 35. g5 Kg6 36. Bf6 Kf5 37. Nc3 Rd2 38. Nb5 Rd1 39. Nd4+ Kg6 40. Nxe6
Rd6 41. Nd4 Rd5 42. f4 Kh5 43. Be5 b5 44. g3 hxg3+ 45. Kxg3 Rd7 46. Kf3 Ra7 47.
Nxb5 Rb7 48. Nc3 Rxb4 49. Nd5 Rb5 50. Ke4 Kg6 51. b4 Rb7 52. Bf6 1-0

[Event "Superliga w Szachach Szybkich"]
[Site "Wroclaw, Katowice, Krakow, Poznan"]
[Date "2023-10-17"]
[Round "7.1"]
[White "Volokitin, Andrei"]
[Black "Brodowski, Piotr"]
[Result "1/2-1/2"]
[WhiteTitle "GM"]
[BlackTitle "IM"]
[WhiteElo "2626"]
[BlackElo "2367"]

1. e4 c5 2. Nf3 Nc6 3. Bb5 g6 4. Bxc6 dxc6 5. d3 Bg7 6. h3 b6 7. Nc3 Qc7 8. Be3
e5 9. a3 Nf6 10. b4 cxb4 11. axb4 O-O 12. O-O Re8 13. Qd2 Nd7 14. Bh6 Bh8 15.
Ra3 Bb7 16. Rfa1 a6 17. Nh2 Qd6 18. Na4 b5 19. Nb2 c5 20. bxc5 Nxc5 21. Ng4 f5
22. Nh2 Rad8 23. Bg5 Rd7 24. Qe2 Bg7 25. Be3 Ne6 26. Nf3 fxe4 27. dxe4 Nd4 28.
Bxd4 exd4 29. Nd2 Rc7 30. Qd1 Rec8 31. Nd3 Rxc2 32. Nf3 R2c3 33. e5 Qf8 34. Rxa6
Bxa6 35. Rxa6 Qf5 36. Nfe1 Qe4 37. Qb1 Bxe5 38. Qxb5 Rxd3 39. Nxd3 Rc1+ 40. Nxc1
Qe1+ 41. Qf1 Bh2+ 42. Kxh2 Qxf1 43. Rc6 d3 44. Nxd3 Qxd3 45. f3 Qe3 46. Ra6 Qf4+
47. Kh1 Kg7 48. Re6 Kh6 49. Re4 Qg3 50. Rg4 Qf2 51. Kh2 Qd2 52. h4 Qd5 53. Kh3
Kg7 54. Re4 Kf6 55. Rf4+ Ke6 56. Re4+ Kd6 57. Kh2 Qf5 58. Kg3 Kd5 59. Kh2 h6 60.
Kg3 h5 61. Kh2 Qxe4 62. fxe4+ Kxe4 63. Kg3 Ke3 64. Kh2 Kf4 65. Kh3 Kf5 66. Kg3
Ke4 67. Kh2 Kf4 68. Kh3 Ke3 69. g4 1/2-1/2

[Event "Superliga w Szachach Szybkich"]
[Site "Wroclaw, Katowice, Krakow, Poznan"]
[Date "2023-10-17"]
[Round "7.2"]
[White "Licznerski, Lukasz"]
[Black "Moranda, Wojciech"]
[Result "1/2-1/2"]
[WhiteTitle "IM"]
[BlackTitle "GM"]
[WhiteElo "2423"]
[BlackElo "2562"]

1. e4 c5 2. Nf3 d6 3. Bb5+ Bd7 4. Bxd7+ Qxd7 5. O-O Nf6 6. Re1 Nc6 7. c3 e6 8.
d4 cxd4 9. cxd4 d5 10. e5 Ne4 11. Nbd2 Nxd2 12. Bxd2 Rc8 13. Rc1 Be7 14. Rc3 O-O
15. a3 b5 16. Rd3 b4 17. Ng5 h6 18. Nh3 bxa3 19. bxa3 f5 20. exf6 Rxf6 21. Qg4
Bd6 22. Nf4 Bxf4 23. Bxf4 Qf7 24. Bg3 Ne7 25. Be5 Rg6 26. Qd1 Nf5 27. Rb3 Nh4
28. Rg3 Nf5 29. Rxg6 Qxg6 30. h3 Rc3 31. Qg4 Qxg4 32. hxg4 Ne7 33. Bd6 Kf7 34.
Rb1 Nc6 35. Rb7+ Kg8 36. Rc7 Rc4 37. f3 a5 38. Rc8+ Kh7 39. Rc7 Nxd4 40. Re7 Nc6
41. Rxe6 d4 42. Re2 Kg8 43. Kf2 Kf7 44. f4 g6 45. Kf3 h5 46. gxh5 gxh5 47. Be5
Rc3+ 48. Ke4 Rxa3 49. Kd5 d3 50. Rd2 Nb4+ 51. Kc4 Ke6 52. Bc3 Nd5 53. Be5 Ne3+
54. Kd4 Nf5+ 55. Kc4 Ne3+ 56. Kd4 Nf5+ 57. Kc4 h4 58. Rxd3 Rxd3 59. Kxd3 Kd5 60.
Bf6 a4 61. Kc3 Kc5 62. Bg5 Kd5 63. Kb4 Ne3 1/2-1/2

[Event "Superliga w Szachach Szybkich"]
[Site "Wroclaw, Katowice, Krakow, Poznan"]
[Date "2023-10-17"]
[Round "7.3"]
[White "Kosakowski, Jakub"]
[Black "Klimkowski, Jan"]
[Result "1/2-1/2"]
[WhiteTitle "IM"]
[BlackTitle "IM"]
[WhiteElo "2466"]
[BlackElo "2368"]

1. e4 c5 2. Nf3 d6 3. d4 cxd4 4. Nxd4 Nf6 5. Nc3 a6 6. Be2 e5 7. Nf3 Be7 8. Bg5
Nbd7 9. a4 h6 10. Be3 Ng4 11. Bc1 Ngf6 12. O-O O-O 13. Be3 Ng4 14. Bc1 Ngf6 15.
Nd2 Nc5 16. b4 Ne6 17. Nc4 Nd4 18. Be3 Nxe2+ 19. Qxe2 Be6 20. Nb6 Rb8 21. h3 Nd7
22. Ncd5 Bg5 23. Nxd7 Qxd7 24. Bxg5 Bxd5 25. Bxh6 Be6 26. Be3 Qc6 27. Rfd1 Qxe4
28. c3 Bc4 29. Qh5 Rbd8 30. Re1 Qh7 31. Qxh7+ Kxh7 32. Bb6 Rd7 33. f4 Re8 34.
a5 Rde7 35. fxe5 Rxe5 36. Rxe5 Rxe5 37. Bd4 Re2 38. Rf1 f6 39. Rf2 Rxf2 1/2-1/2

[Event "Superliga w Szachach Szybkich"]
[Site "Wroclaw, Katowice, Krakow, Poznan"]
[Date "2023-10-17"]
[Round "7.4"]
[White "Kulon, Klaudia"]
[Black "Maltsevskaya, Aleksandra"]
[Result "1/2-1/2"]
[WhiteTitle "IM"]
[BlackTitle "IM"]
[WhiteElo "2271"]
[BlackElo "2348"]

1. c4 c5 2. Nc3 g6 3. g3 Bg7 4. Bg2 e6 5. e3 Ne7 6. d4 cxd4 7. exd4 d5 8. cxd5
Nxd5 9. Nge2 O-O 10. O-O Nc6 11. a3 Qb6 12. Na4 Qd8 13. b4 b6 14. b5 Nce7 15.
Nb2 Bb7 16. Nd3 Rc8 17. a4 Nc3 18. Nxc3 Bxg2 19. Kxg2 Bxd4 20. Bh6 Rxc3 21. Bxf8
Qd5+ 22. Kg1 Kxf8 23. Nf4 Qc5 24. Ne2 Rc4 25. Rc1 Rxc1 26. Qxc1 Nd5 27. Qh6+ Ke7
28. Rc1 Bxf2+ 29. Kh1 Qe3 30. Qxe3 Bxe3 31. Rc8 e5 32. Ra8 e4 33. Rxa7+ Ke6 34.
Kg2 g5 35. g4 h6 36. Ng3 Nc3 37. Rc7 Bc5 38. a5 Nxb5 39. Rb7 Nd6 40. Rc7 Nb5 41.
Rb7 Nd6 42. Rc7 1/2-1/2

[Event "Superliga w Szachach Szybkich"]
[Site "Wroclaw, Katowice, Krakow, Poznan"]
[Date "2023-10-17"]
[Round "7.5"]
[White "Psyk, Radoslaw"]
[Black "Pechac, Jergus"]
[Result "0-1"]
[WhiteTitle "k++"]
[BlackTitle "GM"]
[WhiteElo "2327"]
[BlackElo "2548"]

1. e4 e5 2. Nf3 Nc6 3. Bb5 Nge7 4. O-O Ng6 5. d4 exd4 6. Nxd4 Bc5 7. Nb3 Bb6 8.
Nc3 O-O 9. Nd5 Nce7 10. Nxb6 axb6 11. Re1 c6 12. Bf1 d5 13. exd5 Nxd5 14. a3 Qh4
15. g3 Qf6 16. c4 Nc7 17. Qd4 Qxd4 18. Nxd4 Ne6 19. Nf5 Rd8 20. Be3 Nc5 21. Bxc5
bxc5 22. Ne7+ Kf8 23. Nxc8 Raxc8 24. Rad1 Rxd1 25. Rxd1 Ne5 26. Be2 g5 27. f4
gxf4 28. gxf4 Ng6 29. Rd7 Nxf4 30. Bg4 Rb8 31. Rc7 Ke8 32. Kf2 Nd3+ 33. Ke2 Ne5
34. Rc8+ Rxc8 35. Bxc8 Nxc4 36. Bxb7 Kd7 37. b4 Kd6 38. bxc5+ Kxc5 39. a4 Nd6
40. Ba8 Nc4 41. Kd3 Nb6 42. Bb7 Nxa4 43. Ke4 Kd6 44. Kf5 Nc5 45. Bxc6 Kxc6 46.
Kf6 Ne6 47. Kxf7 Kd6 48. Kf6 Kd5 49. h4 Kd6 50. h5 Kd5 51. Kf7 Ke5 52. Kg8 Ng5
53. Kg7 Kf5 54. Kh6 Kg4 0-1

[Event "Superliga w Szachach Szybkich"]
[Site "Wroclaw, Katowice, Krakow, Poznan"]
[Date "2023-10-17"]
[Round "7.6"]
[White "Neugebauer, Martin"]
[Black "Szpar, Milosz"]
[Result "0-1"]
[WhiteTitle "IM"]
[BlackTitle "IM"]
[WhiteElo "2430"]
[BlackElo "2398"]

1. e4 e6 2. d4 d5 3. Nc3 Nf6 4. Bg5 dxe4 5. Nxe4 Be7 6. Bxf6 gxf6 7. Nf3 f5 8.
Nc3 a6 9. g3 b5 10. Bg2 Bb7 11. O-O O-O 12. Qe2 b4 13. Na4 Nd7 14. Rad1 Bc6 15.
Nc5 Bxc5 16. dxc5 Bb5 17. Qe3 Bxf1 18. Kxf1 Qe7 19. Nd4 Qxc5 20. Nxe6 Qxe3 21.
fxe3 fxe6 22. Bxa8 Nb6 23. Bc6 a5 24. Ke2 Kf7 25. e4 Ke7 26. exf5 Rxf5 27. Be4
Re5 28. Kf3 h6 29. g4 Na4 30. Rb1 Nc5 31. Re1 Na4 32. Rb1 Kf6 33. h4 Nc5 34. Re1
Na4 35. Rb1 Nc5 36. Bc6 Ke7 37. Rd1 Kf6 38. b3 Na6 39. Be4 Rc5 40. Rd8 Rc3+ 41.
Ke2 Nc5 42. Bh7 Rg3 43. Rg8 Ke5 44. Kf2 Rh3 45. h5 Kf4 46. Rc8 Nd7 47. Rxc7 Ne5
48. Ke2 Rh2+ 49. Kd1 Ke3 50. Kc1 Nxg4 51. Bg6 Nf2 52. Re7 Rh1+ 53. Kb2 Nd1+ 0-1

[Event "Superliga w Szachach Szybkich"]
[Site "Wroclaw, Katowice, Krakow, Poznan"]
[Date "2023-10-17"]
[Round "7.7"]
[White "Pacan-milej, Kosma"]
[Black "Mikrut, Dariusz"]
[Result "1-0"]
[WhiteTitle "FM"]
[BlackTitle "IM"]
[WhiteElo "2232"]
[BlackElo "2235"]

1. d4 Nf6 2. c4 g6 3. Nc3 Bg7 4. e4 d6 5. h3 O-O 6. Be3 Na6 7. Nf3 Qe8 8. Be2 e5
9. d5 Nh5 10. g3 f5 11. exf5 gxf5 12. g4 Nf4 13. Bxf4 exf4 14. g5 Nc5 15. Kf1
Ne4 16. Qc2 Bd7 17. Re1 Qf7 18. h4 Rae8 19. h5 c6 20. Qb3 Nxc3 21. bxc3 cxd5 22.
cxd5 b5 23. Kg2 Rc8 24. c4 bxc4 25. Bxc4 Rc5 26. a4 Rfc8 27. Bb5 Bxb5 28. axb5
Rc3 29. Qd1 Qb7 30. Qe2 Rxf3 31. Qe6+ Kh8 32. Kxf3 Qxb5 33. Qxc8+ 1-0

[Event "Superliga w Szachach Szybkich"]
[Site "Wroclaw, Katowice, Krakow, Poznan"]
[Date "2023-10-17"]
[Round "7.8"]
[White "Sliwicka, Alicja"]
[Black "Zawadzka, Beata"]
[Result "1/2-1/2"]
[WhiteTitle "WIM"]
[BlackTitle "WGM"]
[WhiteElo "2131"]
[BlackElo "2211"]

1. e4 c5 2. Nf3 d6 3. d4 cxd4 4. Nxd4 Nf6 5. Nc3 a6 6. Nb3 Nbd7 7. g4 h6 8. Be3
e6 9. h4 b5 10. Bg2 Bb7 11. g5 hxg5 12. hxg5 Rxh1+ 13. Bxh1 b4 14. Nd5 Nxd5 15.
exd5 e5 16. Nd2 Qc7 17. Ne4 Nb6 18. g6 f6 19. Ng3 Nc4 20. Qg4 Bc8 21. Qe4 Nxe3
22. fxe3 Qc5 23. O-O-O Bd7 24. Nf5 Rc8 25. Nd4 Qc4 26. Kb1 a5 27. Nc6 Qc5 28.
Qd3 f5 29. e4 f4 30. Bf3 Bxc6 31. dxc6 Rxc6 32. Bg4 Qc4 33. Bf5 Qxd3 34. Rxd3
Rc4 35. Kc1 Be7 36. Kd1 Rc6 37. Be6 Bd8 38. Bd5 Rb6 39. Rh3 Ke7 40. Rh8 Rb8 41.
Bf7 Bc7 42. Rh7 Kf6 43. Rh5 Bb6 44. Rf5+ Ke7 45. Bd5 Rf8 46. Bf7 Bd4 47. b3 Bc5
1/2-1/2